El ecoturismo como herramienta para la conservación : (Registro nro. 9046)

Detalles MARC
000 -CABECERA
Campo de control 01020nam a22002657a 4500
005 - FECHA Y HORA DE LA ULTIMA TRANSACCION
Campo de control 20150204114933.0
008 - ELEMENTOS DE LONGITUD FIJA—INFORMACION GENERAL
Campo de control 131213s2011 bo a 000 0 spa
020 ## - ISBN
ISBN 9789995484804
040 ## - FUENTE DE CATALOGACIÓN
Agencia catalogadora original DLC
Agencia transcriptora DLC
Agencia Modificadora Co-BoIAVH
041 ## - IDIOMA
Código de idioma para texto/pista de sonido o título separado Español
044 ## - PAÍS DE PUBLICACIÓN
País de publicación Bolivia
082 04 - NUMERO DE CLASIFICACION DECIMAL DEWEY
Número de clasificación 333.782
Número del ítem S68e
100 1# - ASIENTO PRINCIPAL--NOMBRE PERSONAL
Nombre personal Solís-Rojas, Carlos Alberto.
245 13 - MENCION DE TITULO
Título El ecoturismo como herramienta para la conservación :
Parte restante del título Pilón Lajas frente a la demanda turística de la Amazonía boliviana /
Mención de responsabilidad Carlos Alberto Solís Rojas.
260 ## - PUBLICACION, DISTRIBUCION, ETC. (PIE DE IMPRENTA)
Lugar de publicación, distribución, etc. La Paz:
Nombre del editor, distribuidor, etc. Conservation Strategy Fund - CSF,
Fecha de publicación, distribución, etc. 2011.
300 ## - DESCRIPCION FISICA
Extensión 52 p.:
Otros detalles físicos il., tablas ;
Dimensiones 29 cm.
490 0# - MENCION DE SERIE
Mención de serie Serie académica ;
Designación numérica/secuencial del volumen No. 3
504 ## - NOTA DE BIBLIOGRAFIA, ETC.
Nota de bibliografía Incluye referencias bibliográficas (pag. 46-47)
650 #4 - ASIENTO SECUNDARIO DE MATERIA - TERMINO TEMATICO
Término temático o nombre geográfico como elemento de entrada Areas protegidas
Subdivisión geográfica Pilón Lajas,
-- Bolivia.
650 #4 - ASIENTO SECUNDARIO DE MATERIA - TERMINO TEMATICO
Término temático o nombre geográfico como elemento de entrada Ecoturismo
Subdivisión geográfica Pilón Lajas,
-- Bolivia.
650 #4 - ASIENTO SECUNDARIO DE MATERIA - TERMINO TEMATICO
Término temático o nombre geográfico como elemento de entrada Recursos naturales
Subdivisión de forma conservación
700 1# - ASIENTO SECUNDARIO - NOMBRE PERSONAL
Nombre personal Camacho, Willy
Término de relación editor.
700 1# - ASIENTO SECUNDARIO - NOMBRE PERSONAL
Nombre personal Reid, John
Término de relación fotográfo.
942 ## - ELEMENTOS ADICIONALES (KOHA)
Sistema de clasificación Dewey Decimal Classification
Tipo de ítem Libro
Existencias
Withdrawn status Lost status Sistema de Clasificación Damaged status No para préstamo Colección Inventariado Ubicación Permanente Ubicación actual Fecha de adquisición Fuente de Valor Valor Total Checkouts Número topográfico Inventario / Código de Barras Date last seen Ejemplar Price effective from Forma de adquisición Tipo de material
    Dewey Decimal Classification     General Inventariado 2017 Bogotá Bogotá 04/02/2015 Instituto 39000.00   LB-333.782 S68e 038646 04/02/2015 Ej. 1 04/02/2015   Libro